| 000 | 00446nam a22001457a 4500 | ||
|---|---|---|---|
| 003 | SGT | ||
| 082 | _a352.007 220 954 4, CHA | ||
| 100 | _aCHOUDHARY, D S | ||
| 245 | _aEMERGING RURAL LEADERSHIP IN AN INDIAN ATATE | ||
| 260 |
_aNEW DELHI _bMANTHAN PUBLICATIONS _c1981 |
||
| 300 | _a124 | ||
| 650 | _aMANAGEMENT | ||
| 653 | _aRAJASTHAN -AN ECOLOGICAL PROFILE, SOCI- ECONOMIC BACKGROUND OF LEADERS KNOWLEDGE ABILITY AND AWARCNESS | ||
| 942 |
_2ddc _cFCM |
||
| 999 |
_c8889 _d8889 |
||